Những khía cạnh văn hoá dân gian M'Nông Nong

Saved in:
Bibliographic Details
Main Author: Đỗ, Hồng Kỳ
Format: Book
Language:Undetermined
Published: Hà Nội Lao động 2012
Subjects:
Tags: Add Tag
No Tags, Be the first to tag this record!
Institutions: Trung tâm Học liệu Trường Đại học Cần Thơ
LEADER 00514nam a2200169Ia 4500
001 CTU_179717
008 210402s9999 xx 000 0 und d
082 |a 398.09597 
082 |b K600 
100 |a Đỗ, Hồng Kỳ 
245 0 |a Những khía cạnh văn hoá dân gian M'Nông Nong 
245 0 |c Đỗ Hồng Kỳ 
260 |a Hà Nội 
260 |b Lao động 
260 |c 2012 
650 |a Folklore,Văn hóa dân gian 
980 |a Trung tâm Học liệu Trường Đại học Cần Thơ